000 00538nam a2200181Ia 4500
005 20250326125609.0
008 250326s9999 xx 000 0 und d
037 _aTextbook
040 _aFMSL
_beng
_cFMSL
041 _aeng
_2eng
084 _aX*(A):(Z227) L1
_qFMSL
100 _aSharma G D
245 0 _aNew industrial licensing policy of government of India
_cSharma G D
260 _aDelhi
_bDelhi, Press & Publications Agency
_c1971
300 _a84p
942 _cTB
_hX*(A):(Z227) L1
999 _c1278740
_d1278740